[Event "IIFL Wealth 4th Mumbai GM"]
[Site "Mumbai"]
[Date "2019.01.07"]
[Round "9"]
[White "Trisha Kanyamarala"]
[Black "Kurbonboeva, Sarvinoz"]
[Result "0-1"]
[WhiteElo "1942"]
[BlackElo "2214"]
[Annotator "TA"]
[PlyCount "98"]
[EventDate "2018.12.30"]
[EventType "swiss"]
[EventCountry "IND"]
[SourceTitle "playchess.com"]
[Source "ChessBase"]
[SourceQuality "1"]

{[%evp 15,98,50,58,43,41,22,19,-24,18,-8,-16,-14,-13,-14,0,-13,-7,-13,34,25,37,29,55,43,61,37,41,28,35,20,102,70,71,39,24,-187,0,-92,3,-192,-193,-319,-320,-302,-253,-455,-444,-606,-593,-697,-727,-692,-674,-667,-432,-636,-429,-426,-424,-424,-422,-477,-481,-517,-508,-1507,-1469,-1590,-1583,-1577,-1570,-1511,-1486,-1612,-1306,-29970,-29971,-29971,-29968,-29976,-29977,-29977,-29978,-29977,-12602]} 1. d4 Nf6 2. c4 g6 3. f3 Bg7 4. e4 d6 5. Nc3 O-O 6. Be3 c5 7. Nge2 b6 8. d5 e6 {LiveBook: 40 Games. E82: King's Indian: Sämisch: 6...b6} 9. dxe6 (9. Ng3 exd5 10. cxd5 Ba6 11. Be2 Bxe2 12. Qxe2 a6 13. O-O b5 14. e5 dxe5 15. Bxc5 Re8 16. Rad1 {½-½ (44) Gunina,V (2497)-Grischuk,A (2752) Cheliabinsk 2016}) 9... fxe6 10. Ng3 $146 ({Predecessor:} 10. Qd2 Nc6 11. h4 Ba6 12. Nf4 Nd4 13. O-O-O Rb8 14. Kb1 Qd7 15. Re1 Bb7 16. Bd3 {½-½ (57) Pierzak,R (2497)-Telepnev,I (2519) ICCF email 2015}) 10... Nc6 {The position is equal.} 11. Be2 Qe7 12. O-O Bb7 13. Qd2 {[#]} Nd4 $1 {[%mdl 512]} 14. Bd3 (14. Bxd4 cxd4) 14... Rae8 15. Rae1 a6 16. h3 e5 17. Nd5 Qd8 18. b4 Nxd5 19. exd5 Nf5 20. Nxf5 gxf5 21. Bg5 Qd7 22. bxc5 dxc5 (22... bxc5 $11 {keeps the balance.} 23. Rb1 Bc8) 23. Qc2 Bc8 24. Rb1 Qd6 25. Rfe1 $2 {[#]} (25. Qd2 $11) 25... Bd7 $2 ({Better is} 25... e4 $1 $19 {[%cal Re4d3]} 26. fxe4 Qg3) 26. Be3 (26. Bd2 $11) 26... Qg6 (26... e4 $1 $17 {[%cal Re4d3]} 27. fxe4 f4) 27. Bd2 $2 (27. Bf1 $11 {and White stays safe.}) 27... e4 $1 $19 28. fxe4 (28. Bf1 $142) 28... fxe4 29. Bxe4 {[#]} Rxe4 $1 $40 {[%mdl 640] Black goes for the king.} 30. Rxe4 $2 (30. Qxe4 {was the only chance.} Bf5 {[%mdl 64] Skewer} 31. Rxb6 Qxb6 32. Qh4) 30... Bd4+ ({Inferior is} 30... Bf5 31. Rbe1 $11) 31. Kh1 Bf5 32. Rbe1 Bxe4 33. Qxe4 {[#]} Rf1+ $1 {[%mdl 512]} 34. Kh2 {Threatens to win with Qxg6+.} (34. Rxf1 Qxe4) 34... Bg1+ $1 35. Kh1 Qxe4 36. Rxe4 {[%mdl 4096] Endgame KRB-KRB} Be3+ $1 {[%mdl 64] Discovered Attack} 37. Kh2 Bxd2 {KRB-KR} 38. Kg3 Re1 39. Rg4+ Kf7 40. Kf3 (40. a4 $142 Ra1 41. Kf3) 40... h5 {[%cal Bh7h5,Bh5h4][%mdl 32]} 41. Rh4 Re3+ 42. Kf2 Be1+ 43. Kxe3 Bxh4 {KB-KP} 44. a4 Bg3 45. Kf3 h4 {Black mates.} 46. Ke4 Kf6 47. d6 Ke6 48. d7 Kxd7 49. Kd5 Bf2 {Accuracy: White = 21%, Black = 60%.} (49... Bd6 $142 50. Ke4 Ke6 51. Kf3 Ke5 52. Ke3 Bf8 53. Ke2 Kd4 54. a5 bxa5 55. Kd1 Kxc4 56. Ke2 a4 57. Ke1 a3 58. Kf1 Bd6 59. Ke2 a2 60. g4 a1=Q 61. g5 Qe5+ {[%mdl 64] Double Attack} 62. Kd2 Qe4 63. Kc1 Kc3 64. Kd1 Bg3 65. Kc1 Qh1#) 0-1

[Event "IIFL Wealth 4th Mumbai GM"]
[Site "Mumbai"]
[Date "2019.01.07"]
[Round "9"]
[White "Triton, Maxime"]
[Black "Dhungel, Uttam"]
[Result "1-0"]
[WhiteElo "1937"]
[BlackElo "1587"]
[Annotator "NA"]
[PlyCount "41"]
[EventDate "2018.12.30"]
[EventType "swiss"]
[EventCountry "IND"]
[SourceTitle "playchess.com"]
[Source "ChessBase"]
[SourceQuality "1"]
[TimeControl "40/5400+30:1800+30"]

1. e4 c5 2. Nf3 e6 3. Nc3 Nc6 4. Be2 Qc7 5. d4 cxd4 6. Nxd4 a6 7. O-O Nf6 8. Be3 h5 9. h3 b5 10. a3 Bb7 11. Qd2 Be7 12. f4 Rd8 13. Bf3 d6 14. Qf2 Nd7 15. f5 Nxd4 16. Bxd4 e5 17. Be3 Rc8 18. Rad1 h4 19. Rd2 O-O 20. Rfd1 Bc6 21. g3 1-0

[Event "IIFL Wealth 4th Mumbai GM"]
[Site "Mumbai"]
[Date "2019.01.07"]
[Round "9"]
[White "Nepal, Prakash"]
[Black "Nayem, Haque"]
[Result "1-0"]
[WhiteElo "1902"]
[BlackElo "2083"]
[Annotator "NA RC"]
[PlyCount "67"]
[EventDate "2018.12.30"]
[EventType "swiss"]
[EventCountry "IND"]
[SourceTitle "playchess.com"]
[Source "ChessBase"]
[SourceQuality "1"]
[TimeControl "40/5400+30:1800+30"]

1. d4 {[%emt 0:00:00]} Nf6 {[%emt 0:04:21]} 2. c4 {[%emt 0:00:00]} g6 {[%emt 0:00:07]} 3. Nc3 {[%emt 0:00:00]} Bg7 {[%emt 0:00:06]} 4. e4 {[%emt 0:00:00]} d6 {[%emt 0:00:05]} 5. f3 {[%emt 0:00:00]} O-O {[%emt 0:00:06]} 6. Be3 {[%emt 0:00:04]} e5 {[%emt 0:00:05]} 7. Nge2 {[%emt 0:00:47]} Nc6 {[%emt 0:00:25]} 8. d5 {[%emt 0:00:22]} Ne7 {[%emt 0:00:02]} 9. g4 {[%emt 0:00:37]} a6 {[%emt 0:02:16]} 10. Ng3 {[%emt 0:01:05]} Nd7 {[%emt 0:01:33]} 11. Rg1 {[%emt 0:05:06]} Nf6 {[%emt 0:02:52]} 12. h4 {[%emt 0:01:07]} Bd7 {[%emt 0:01:00]} 13. Qd2 {[%emt 0:04:36]} Kh8 {[%emt 0:04:43]} 14. h5 {[%emt 0:03:49]} Kg8 {[%emt 0:00:40]} 15. Bd3 {[%emt 0:23:17]} Rb8 {[%emt 0:00:35]} 16. Rh1 {[%emt 0:07:33]} Ne8 {[%emt 0:10:29]} 17. Bh6 {[%emt 0:10:42]} f6 {[%emt 0:02:57]} 18. hxg6 {[%emt 0:06:36]} hxg6 {[%emt 0:00:42]} 19. O-O-O {[%emt 0:02:39]} b5 {[%emt 0:00:34]} 20. cxb5 {[%emt 0:06:49]} axb5 {[%emt 0:00:10]} 21. Rdg1 {[%emt 0:00:51]} b4 {[%emt 0:01:38]} 22. Nd1 {[%emt 0:01:28]} Kf7 {[%emt 0:01:01]} 23. Bxg7 {[%emt 0:00:54]} Nxg7 {[%emt 0:00:03]} 24. Rh7 {[%emt 0:00:12]} Rh8 {[%emt 0:00:40]} 25. Rgh1 {[%emt 0:00:17]} Rxh7 {[%emt 0:00:55]} 26. Rxh7 {[%emt 0:00:02]} Qg8 {[%emt 0:00:18]} 27. Qh6 {[%emt 0:00:26]} Qf8 {[%emt 0:00:40]} 28. Ne3 {[%emt 0:02:42]} Ng8 {[%emt 0:04:48]} 29. Qh4 {[%emt 0:00:32]} Ke8 {[%emt 0:04:39]} 30. Rh8 {[%emt 0:02:22]} b3 {[%emt 0:02:34]} 31. a3 {[%emt 0:01:16]} Kf7 {[%emt 0:01:04]} 32. Qh7 {[%emt 0:00:22]} Ra8 {[%emt 0:04:58]} 33. Ng2 {[%emt 0:04:15]} Qb8 {[%emt 0:02:28]} 34. Nh4 {[%emt 0:01:32]} 1-0

[Event "IIFL Wealth 4th Mumbai GM"]
[Site "Mumbai"]
[Date "2019.01.07"]
[Round "9"]
[White "Arya Nirag Shah"]
[Black "Md.abzid, Rahman"]
[Result "0-1"]
[WhiteElo "1812"]
[BlackElo "2040"]
[Annotator "NA RC"]
[PlyCount "79"]
[EventDate "2018.12.30"]
[EventType "swiss"]
[EventCountry "IND"]
[SourceTitle "playchess.com"]
[Source "ChessBase"]
[SourceQuality "1"]
[TimeControl "40/5400+30:1800+30"]

1. d4 {[%emt 0:06:56]} f5 {[%emt 0:00:17]} 2. Nf3 {[%emt 0:00:05]} e6 {[%emt 0:00:11]} 3. Bg5 {[%emt 0:00:06]} Nf6 {[%emt 0:00:28]} 4. Nbd2 {[%emt 0:00:07]} d5 {[%emt 0:00:37]} 5. e3 {[%emt 0:00:12]} Nbd7 {[%emt 0:01:04]} 6. c4 {[%emt 0:00:06]} Be7 {[%emt 0:00:35]} 7. Bd3 {[%emt 0:00:10]} Ne4 {[%emt 0:00:50]} 8. Bxe7 {[%emt 0:00:06]} Qxe7 {[%emt 0:00:17]} 9. Qc2 {[%emt 0:00:16]} c6 {[%emt 0:00:12]} 10. Rb1 {[%emt 0:00:52]} a5 {[%emt 0:02:23]} 11. O-O {[%emt 0:00:51]} g5 {[%emt 0:00:12]} 12. Ne5 {[%emt 0:01:19]} Nxe5 {[%emt 0:00:58]} 13. dxe5 {[%emt 0:00:09]} Qg7 {[%emt 0:00:13]} 14. Bxe4 {[%emt 0:07:30]} fxe4 {[%emt 0:01:48]} 15. Qc3 {[%emt 0:00:54]} g4 {[%emt 0:02:43]} 16. Rfc1 {[%emt 0:45:25]} O-O {[%emt 0:04:08]} 17. a3 {[%emt 0:02:49]} Bd7 {[%emt 0:10:51]} 18. Nb3 {[%emt 0:01:43]} b6 {[%emt 0:01:16]} 19. cxd5 {[%emt 0:12:27]} exd5 {[%emt 0:02:22]} 20. e6 {[%emt 0:01:11]} Be8 {[%emt 0:04:19]} 21. Qxg7+ {[%emt 0:01:58]} Kxg7 {[%emt 0:00:02]} 22. Nd4 {[%emt 0:01:03]} c5 {[%emt 0:02:00]} 23. Ne2 {[%emt 0:00:30]} Kf6 {[%emt 0:00:03]} 24. Nf4 {[%emt 0:00:42]} Ke5 {[%emt 0:00:03]} 25. g3 {[%emt 0:05:29]} Rxf4 {[%emt 0:07:23]} 26. gxf4+ {[%emt 0:00:27]} Kxe6 {[%emt 0:00:01]} 27. b4 {[%emt 0:03:39]} axb4 {[%emt 0:00:10]} 28. axb4 {[%emt 0:00:44]} c4 {[%emt 0:00:08]} 29. Ra1 {[%emt 0:01:59]} Ba4 {[%emt 0:01:29]} 30. Rc3 {[%emt 0:02:43]} b5 {[%emt 0:00:02]} 31. Kf1 {[%emt 0:00:49]} Rf8 {[%emt 0:02:57]} 32. Ke2 {[%emt 0:00:30]} d4 {[%emt 0:00:55]} 33. exd4 {[%emt 0:00:53]} Rxf4 {[%emt 0:00:23]} 34. Ra2 {[%emt 0:01:17]} Kd5 {[%emt 0:00:31]} 35. Rd2 {[%emt 0:00:40]} h5 {[%emt 0:01:52]} 36. h3 {[%emt 0:00:33]} Rf3 37. Rxf3 exf3+ 38. Ke3 c3 39. Ra2 c2 40. Ra1 0-1

[Event "IIFL Wealth 4th Mumbai GM"]
[Site "Mumbai"]
[Date "2019.01.07"]
[Round "9"]
[White "Rebut, Paul"]
[Black "Praveen Kumar C"]
[Result "0-1"]
[WhiteElo "1740"]
[BlackElo "2233"]
[Annotator "TA"]
[PlyCount "50"]
[EventDate "2018.12.30"]
[EventType "swiss"]
[EventCountry "IND"]
[SourceTitle "playchess.com"]
[Source "ChessBase"]
[SourceQuality "1"]

{[%evp 31,49,10,-22,0,26,-1265,-1279,-29992,-29993,-29993,-29994,-29994,-29995,-29995,-29996,-29997,-29998,-29998,-29999,-29999]} 1. e4 e6 2. d4 d5 3. Nc3 Bb4 4. e5 c5 5. a3 Bxc3+ 6. bxc3 Ne7 7. Qg4 Qc7 8. Qxg7 Rg8 9. Qxh7 cxd4 10. Kd1 Nbc6 11. Nf3 dxc3 12. Ng5 Nxe5 13. f4 f6 {C18: French: 3 Nc3 Bb4: Main line: 7 h4 and 7 Qg4} 14. fxe5 fxg5 15. Qh5+ Kd8 16. Bxg5 Qc5 {LiveBook: 5 Games} 17. h4 (17. Bd3 Kc7 18. Qh4 Nc6 19. Qf4 Bd7 20. g3 Raf8 21. Bf6 Rxf6 22. exf6+ e5 23. Qh6 Rh8 24. Qg5 Rh5 {0-1 (24) Tari,A (2570)-Goganov,A (2635) Sweden 2017}) 17... Bd7 18. Qf7 $2 {[%mdl 8192] [#]} (18. Qg4 $11) 18... Rxg5 $1 $19 {[%mdl 576] Remove Defender} 19. hxg5 Qe3 {[%csl Gc3][%cal Re3d2][%mdl 64] Double Attack. Black mates.} 20. Qf2 $146 Qxf2 {[%csl Gc3][%cal Rf2d2]} 21. Be2 Qe3 {[%csl Gc3][%cal Re3d2]} 22. Ke1 Bb5 {[%csl Gb5][%cal Re3e2]} 23. Kf1 Bxe2+ 24. Ke1 Bd3+ 25. Kd1 Qd2# 0-1

[Event "IIFL Wealth 4th Mumbai GM"]
[Site "Mumbai"]
[Date "2019.01.07"]
[Round "9"]
[White "Regmi, Shikhar"]
[Black "Bhasima, Prashan"]
[Result "1/2-1/2"]
[WhiteElo "1610"]
[BlackElo "1658"]
[Annotator "NA RC"]
[PlyCount "71"]
[EventDate "2018.12.30"]
[EventType "swiss"]
[EventCountry "IND"]
[SourceTitle "playchess.com"]
[Source "ChessBase"]
[SourceQuality "1"]
[TimeControl "40/5400+30:1800+30"]

1. e4 {[%emt 0:00:00]} e5 {[%emt 0:02:52]} 2. Nf3 {[%emt 0:00:35]} d6 {[%emt 0:00:05]} 3. d4 {[%emt 0:00:30]} exd4 {[%emt 0:00:03]} 4. Nxd4 {[%emt 0:00:30]} Nf6 {[%emt 0:00:18]} 5. Bg5 {[%emt 0:00:37]} Be7 {[%emt 0:00:02]} 6. Bd3 {[%emt 0:00:50]} h6 {[%emt 0:00:18]} 7. Be3 {[%emt 0:00:24]} c5 {[%emt 0:02:23]} 8. Ne2 {[%emt 0:01:13]} Bd7 {[%emt 0:03:09]} 9. Nbc3 {[%emt 0:00:59]} Nc6 {[%emt 0:00:52]} 10. Ng3 {[%emt 0:00:49]} a6 {[%emt 0:00:26]} 11. O-O {[%emt 0:00:55]} b5 {[%emt 0:04:38]} 12. Nd5 {[%emt 0:01:08]} Nxd5 {[%emt 0:00:47]} 13. exd5 {[%emt 0:00:11]} Ne5 {[%emt 0:00:18]} 14. Bf5 {[%emt 0:00:36]} Bf6 {[%emt 0:01:57]} 15. Rb1 {[%emt 0:01:27]} g6 {[%emt 0:02:30]} 16. Bxd7+ {[%emt 0:00:40]} Qxd7 {[%emt 0:01:04]} 17. Ne4 {[%emt 0:00:34]} Bg7 {[%emt 0:01:37]} 18. f4 {[%emt 0:00:23]} Nc4 {[%emt 0:01:22]} 19. Bc1 {[%emt 0:01:01]} f5 {[%emt 0:00:43]} 20. Ng3 {[%emt 0:00:50]} O-O {[%emt 0:00:58]} 21. b3 {[%emt 0:00:13]} Bd4+ {[%emt 0:03:22]} 22. Kh1 {[%emt 0:01:36]} Nb6 {[%emt 0:04:58]} 23. Bb2 {[%emt 0:00:23]} Bxb2 {[%emt 0:00:40]} 24. Rxb2 {[%emt 0:00:07]} Rfe8 {[%emt 0:00:17]} 25. Rb1 {[%emt 0:00:12]} Re7 {[%emt 0:00:23]} 26. Nh5 {[%emt 0:00:46]} gxh5 {[%emt 0:01:11]} 27. Qxh5 {[%emt 0:00:15]} Rae8 {[%emt 0:00:41]} 28. Qg6+ {[%emt 0:00:28]} Rg7 {[%emt 0:01:09]} 29. Qxh6 {[%emt 0:00:13]} Re2 {[%emt 0:00:47]} 30. Rbe1 {[%emt 0:00:38]} Rxe1 {[%emt 0:00:25]} 31. Rxe1 {[%emt 0:00:05]} Re7 {[%emt 0:00:51]} 32. Qg6+ {[%emt 0:00:30]} Kf8 {[%emt 0:01:24]} 33. Qf6+ {[%emt 0:00:15]} Kg8 {[%emt 0:01:08]} 34. Qg6+ {[%emt 0:00:01]} Kf8 {[%emt 0:00:49]} 35. Qf6+ {[%emt 0:00:23]} Kg8 36. Qg6+ 1/2-1/2

[Event "IIFL Wealth 4th Mumbai GM"]
[Site "Mumbai"]
[Date "2019.01.07"]
[Round "9"]
[White "Ahsan, Ali Jewel"]
[Black "Shah, Ram Surat Prasad"]
[Result "0-1"]
[WhiteElo "1363"]
[BlackElo "1639"]
[Annotator "NA"]
[PlyCount "67"]
[EventDate "2018.12.30"]
[EventType "swiss"]
[EventCountry "IND"]
[SourceTitle "playchess.com"]
[Source "ChessBase"]
[SourceQuality "1"]
[TimeControl "40/5400+30:1800+30"]

1. e4 {[%emt 0:04:40]} e6 {[%emt 0:00:00]} 2. Nf3 {[%emt 0:00:37]} d5 {[%emt 0:00:01]} 3. exd5 {[%emt 0:00:54]} exd5 {[%emt 0:00:10]} 4. d4 {[%emt 0:00:25]} Nf6 {[%emt 0:00:17]} 5. Bd3 {[%emt 0:01:39]} Bd6 {[%emt 0:00:54]} 6. Nc3 {[%emt 0:00:52]} O-O {[%emt 0:00:22]} 7. Bg5 {[%emt 0:01:50]} Re8+ {[%emt 0:01:09]} 8. Be2 {[%emt 0:00:54]} Be6 {[%emt 0:03:48]} 9. Nb5 {[%emt 0:03:35]} Be7 {[%emt 0:01:07]} 10. Qd3 {[%emt 0:02:29]} Nbd7 {[%emt 0:01:45]} 11. Ne5 {[%emt 0:04:17]} c5 {[%emt 0:02:01]} 12. O-O {[%emt 0:03:51]} a6 {[%emt 0:04:40]} 13. Nxd7 {[%emt 0:03:52]} Qxd7 {[%emt 0:06:08]} 14. Nc3 {[%emt 0:02:47]} Bf5 {[%emt 0:04:22]} 15. Qd2 {[%emt 0:04:55]} cxd4 {[%emt 0:03:25]} 16. Qxd4 {[%emt 0:01:36]} Bxc2 {[%emt 0:03:07]} 17. Bf3 {[%emt 0:02:03]} Rad8 {[%emt 0:14:09]} 18. Bxf6 {[%emt 0:02:38]} Bxf6 {[%emt 0:04:12]} 19. Qxd5 {[%emt 0:01:30]} Bxc3 {[%emt 0:03:05]} 20. Qxd7 {[%emt 0:00:57]} Rxd7 {[%emt 0:00:03]} 21. bxc3 {[%emt 0:00:18]} Rc7 {[%emt 0:03:03]} 22. Rac1 {[%emt 0:01:12]} Ba4 {[%emt 0:02:02]} 23. c4 {[%emt 0:01:52]} Bc6 {[%emt 0:01:13]} 24. Bd5 {[%emt 0:06:04]} Kf8 {[%emt 0:00:34]} 25. Rb1 {[%emt 0:01:11]} Bxd5 {[%emt 0:03:02]} 26. cxd5 {[%emt 0:00:22]} Re2 {[%emt 0:01:10]} 27. a4 {[%emt 0:00:36]} Rd2 {[%emt 0:01:00]} 28. Rfd1 {[%emt 0:00:51]} Rxd1+ {[%emt 0:00:59]} 29. Rxd1 {[%emt 0:00:18]} Ke8 {[%emt 0:00:27]} 30. f4 {[%emt 0:05:16]} Kd7 {[%emt 0:03:37]} 31. Kf2 {[%emt 0:08:05]} Rc4 {[%emt 0:04:48]} 32. Rb1 {[%emt 0:03:33]} Kc7 {[%emt 0:07:26]} 33. d6+ {[%emt 0:02:25]} Kxd6 {[%emt 0:00:44]} 34. Rxb7 {[%emt 0:00:52]} 0-1

[Event "IIFL Wealth 4th Mumbai GM"]
[Site "Mumbai"]
[Date "2019.01.07"]
[Round "9"]
[White "Kafle, Binod"]
[Black "Thapa, Krishna"]
[Result "0-1"]
[WhiteElo "1191"]
[BlackElo "2024"]
[Annotator "NA RC"]
[PlyCount "58"]
[EventDate "2018.12.30"]
[EventType "swiss"]
[EventCountry "IND"]
[SourceTitle "playchess.com"]
[Source "ChessBase"]
[SourceQuality "1"]
[TimeControl "40/5400+30:1800+30"]

1. e4 {[%emt 0:00:05]} c5 {[%emt 0:00:00]} 2. Bc4 {[%emt 0:00:20]} Nc6 {[%emt 0:00:00]} 3. d3 {[%emt 0:00:33]} e6 {[%emt 0:00:00]} 4. Be3 {[%emt 0:00:16]} Nf6 {[%emt 0:00:00]} 5. Nc3 {[%emt 0:00:24]} a6 {[%emt 0:00:00]} 6. a3 {[%emt 0:00:22]} Be7 {[%emt 0:00:00]} 7. Nge2 {[%emt 0:01:03]} d5 {[%emt 0:00:05]} 8. exd5 {[%emt 0:01:35]} exd5 {[%emt 0:00:02]} 9. Nxd5 {[%emt 0:01:43]} Nxd5 {[%emt 0:00:02]} 10. Bd2 {[%emt 0:00:42]} O-O {[%emt 0:00:10]} 11. O-O {[%emt 0:00:26]} Ne5 {[%emt 0:00:55]} 12. Bb3 {[%emt 0:01:20]} b5 {[%emt 0:00:24]} 13. f4 {[%emt 0:02:03]} Nc6 {[%emt 0:00:29]} 14. c4 {[%emt 0:01:06]} Nf6 {[%emt 0:00:17]} 15. cxb5 {[%emt 0:01:13]} axb5 {[%emt 0:00:02]} 16. Be3 {[%emt 0:01:01]} Ng4 {[%emt 0:00:16]} 17. Bf2 {[%emt 0:00:35]} Nxf2 {[%emt 0:00:07]} 18. Rxf2 {[%emt 0:00:23]} Bg4 {[%emt 0:00:02]} 19. Qc2 {[%emt 0:00:53]} Bxe2 {[%emt 0:00:10]} 20. Rxe2 {[%emt 0:00:35]} Nd4 {[%emt 0:00:07]} 21. Qd1 {[%emt 0:00:45]} Nxe2+ {[%emt 0:00:19]} 22. Qxe2 {[%emt 0:00:11]} Bf6 {[%emt 0:00:08]} 23. Kh1 {[%emt 0:00:40]} Re8 {[%emt 0:00:06]} 24. Qc2 {[%emt 0:00:39]} Rxa3 {[%emt 0:00:25]} 25. bxa3 {[%emt 0:00:53]} Bxa1 {[%emt 0:00:02]} 26. Qd1 {[%emt 0:00:46]} Qe7 {[%emt 0:00:13]} 27. Bxf7+ {[%emt 0:01:23]} Kxf7 {[%emt 0:00:09]} 28. g3 Qe1+ 29. Qxe1 Rxe1+ 0-1